00427pab a2200157 454500008004000000100002100040245006600061260000900127300001500136362000800151650001400159650000900173700001900182700002300201773004500224180718b2008 xxu||||| |||| 00| 0 eng d aBeegle, Kathleen aAdult mortality and consumption growth in the age of HIV/AIDS c2008 ap.299-326. aJan aMortality aAIDS aDercon, Stefan aWeerdt, Joachim De aEconomic Development and Cultural Change